Italian Language Adjectives - common - Statistics

General Stats
  • This quiz has been taken 107 times
    21 since last reset
  • The average score is 11 of 22
Answer Stats
Hint Answer % Correct
young (age) giovane
80%
large/big grande
80%
well bene
60%
good buono/buona
60%
hot caldo/calda
60%
excellent eccellente
60%
medium/average medio/media
60%
new nuovo/nuova
60%
small piccolo/piccola
60%
quick presto
60%
old vecchio/vecchia
60%
fast veloce
60%
old/elderly anziana
40%
bad cattivo/cattiva
40%
enormous/huge enorme
40%
cold freddo/fredda
40%
cool fresco
40%
slow lento/lenta
40%
best migliore
40%
worse peggio
40%
warm tiepido
40%
tiny minuscolo/minuscola
20%
No matching quizzes found
Score Distribution
Percent of People with Each Score
Percentile by Number Answered
Your Score History
You have not taken this quiz since the last reset